Archana's N.T.S.C. guide : (Record no. 61618)
[ view plain ]
| 000 -LEADER | |
|---|---|
| fixed length control field | 00855nam a22002177a 4500 |
| 005 - DATE AND TIME OF LATEST TRANSACTION | |
| control field | 20120128175147.0 |
| 008 - FIXED-LENGTH DATA ELEMENTS--GENERAL INFORMATION | |
| fixed length control field | 120128t xxu||||| |||| 00| 0 eng d |
| 020 ## - INTERNATIONAL STANDARD BOOK NUMBER | |
| International Standard Book Number | 8187631813 |
| Terms of availability | Rs 150.00 |
| 035 ## - SYSTEM CONTROL NUMBER | |
| System control number | B-10407 |
| 040 ## - CATALOGING SOURCE | |
| Original cataloging agency | DPL |
| Language of cataloging | ENG |
| 100 ## - MAIN ENTRY--PERSONAL NAME | |
| Personal name | Raizada, G. R. and others |
| 9 (RLIN) | 40307 |
| 245 ## - TITLE STATEMENT | |
| Title | Archana's N.T.S.C. guide : |
| Remainder of title | Based on latest syllabus |
| Statement of responsibility, etc | by G. R. Raizada et al. |
| 260 ## - PUBLICATION, DISTRIBUTION, ETC. (IMPRINT) | |
| Place of publication, distribution, etc | Gurgaon |
| Name of publisher, distributor, etc | Archna Publication (p) Ltd. |
| Date of publication, distribution, etc | 2001 |
| 300 ## - PHYSICAL DESCRIPTION | |
| Extent | various pages |
| Dimensions | 26 cms. |
| 700 ## - ADDED ENTRY--PERSONAL NAME | |
| Personal name | Malhotra, S. K. |
| 9 (RLIN) | 40308 |
| 700 ## - ADDED ENTRY--PERSONAL NAME | |
| Personal name | Batra, J. K. |
| 9 (RLIN) | 40309 |
| 700 ## - ADDED ENTRY--PERSONAL NAME | |
| Personal name | Bajaj, S. K. |
| 9 (RLIN) | 40310 |
| 942 ## - ADDED ENTRY ELEMENTS (KOHA) | |
| Source of classification or shelving scheme | Dewey Decimal Classification |
| Item type | English Books |
| Classification part | 000 |
| Call number suffix | RAI |
| Withdrawn status | Lost status | Source of classification or shelving scheme | Damaged status | Not for loan | Collection code | Home library | Current library | Shelving location | Date acquired | Cost, normal purchase price | Total Checkouts | Full call number | Barcode | Date last seen | Cost, replacement price | Koha item type |
|---|---|---|---|---|---|---|---|---|---|---|---|---|---|---|---|---|
| Dewey Decimal Classification | Non-fiction | Sarojini Nagar | Sarojini Nagar | General Stacks | 28/01/2012 | 150.00 | 000 RAI | B-10407 | 28/01/2012 | 150.00 | English Books | |||||
| Dewey Decimal Classification | Non-fiction | Sarojini Nagar | Sarojini Nagar | General Stacks | 30/01/2012 | 150.00 | 000 RAI | B-10409 | 30/01/2012 | 150.00 | English Books |
